Normale Ansicht MARC-Ansicht ISBD

Avgust - 91. (Titelsatznr. 14906)

[ MARC ]
MARC-Details
000 -Satzkennung
Kontrollfeld mit fester Länge 00429nam a22001811c 4500
001 - Kontrollnummer
Kontrollfeld a987678684
008 - Feld mit fester Länge zur physischen Beschreibung - Allgemeine Angaben
Kontrollfeld mit fester Länge 170110s1991 gw |||| 000u rus d
020 ## - Internationale Standardbuchnummer
Internationale Standardbuchnummer 5250019218
Verknüpfung 5-250-01921-8
041 ## - Sprachcode
Sprachcode des Textes/der Tonspur oder des separaten Titels rus
040 ## - Katalogisierungsquelle
Übertragungsstelle RU-10907106
003 - Kontrollnummer Identifier
Kontrollfeld RU-10907106
245 00 - Titel
Titel Avgust - 91.
264 ## - Produktion, Veröffentlichung, Distribution, Herstellung und Urheberrechtsvermerk
Herstellungs-, Veröffentlichungs- Vertriebs-, Erzeugungsort Moskva :
Produzent, Herausgeber, Distributor, Hersteller Politizdat,
Datum der Herstellung, der Veröffentlichung, des Vertriebs oder des Urheberschutzvermerks 1991
300 ## - Physische Beschreibung
Umfang 270 S. Broschur
650 #0 - Nebeneintragung unter einem Schlagwort - Sachschlagwort
Sachschlagwort oder geografischer Name als Eintragungselement Sowjetunion / Putsch
655 #0 - Indexierungsterm - Genre/Form
Genre/Form oder fokussierter Term Quelle
942 ## - Zusätzliche Felder (Koha)
Koha-Medientyp Monographien
Exemplare
Ausgeschieden Verloren Klassifikation oder Aufstellungssystematik Beschädigt Nicht entleihbar Heimatbibliothek Aufenthaltsbibliothek Aufstellungsort Erwerbungsdatum Inventarnummer Signatur Barcode Letzte Aktivität Preis gültig von Koha-Medientyp
    Andere/Generische Klassifikation     MWN Osteuropa MWN Osteuropa Magazin - 2 10/01/2017 17-00008 Ersatzß R 65 ec Avg E00401509F9370F5 23/02/2021 22/03/2021 Monographien